Annual report of the Council - Institute of Medical and Veterinary Science. (Record no. 1462)

MARC details
000 -LEADER
fixed length control field 01995cas a2200505 4500
001 - CONTROL NUMBER
control field data
005 - DATE AND TIME OF LATEST TRANSACTION
control field 20260322212101.0
008 - FIXED-LENGTH DATA ELEMENTS--GENERAL INFORMATION
fixed length control field data
035 ## - SYSTEM CONTROL NUMBER
System control number 11144233
010 ## - LIBRARY OF CONGRESS CONTROL NUMBER
LC control number 49036392
016 7# - NATIONAL BIBLIOGRAPHIC AGENCY CONTROL NUMBER
Record control number 29011240R
Source DNLM
016 7# - NATIONAL BIBLIOGRAPHIC AGENCY CONTROL NUMBER
Record control number A41955000
Source DNLM
035 ## - SYSTEM CONTROL NUMBER
System control number (OCoLC)1766078
040 ## - CATALOGING SOURCE
Original cataloging agency DLC
Language of cataloging eng
Transcribing agency MUL
Modifying agency OCLCA
-- IUL
-- DLC
-- SER
-- DLC
-- NLM
-- OCL
-- NYG
-- NSD
-- NST
-- OCLCQ
-- GUA
-- OCLCQ
-- WAU
-- OCLCA
-- OCLCF
-- OCLCO
-- OCLCQ
-- MNU
-- OCLCO
-- OCLCA
042 ## - AUTHENTICATION CODE
Authentication code pcc
050 00 - LIBRARY OF CONGRESS CALL NUMBER
Classification number R108
Item number .A18
060 00 - NATIONAL LIBRARY OF MEDICINE CALL NUMBER
Classification number WA 24
Item number A228a
082 0# - DEWEY DECIMAL CLASSIFICATION NUMBER
Classification number 610/.99423
Edition information 19
110 2# - MAIN ENTRY--CORPORATE NAME
Corporate name or jurisdiction name as entry element Institute of Medical and Veterinary Science (S.A.).
Subordinate unit Council.
245 10 - TITLE STATEMENT
Title Annual report of the Council - Institute of Medical and Veterinary Science.
260 ## - PUBLICATION, DISTRIBUTION, ETC.
Place of publication, distribution, etc. [Adelaide]
Name of publisher, distributor, etc. Institute of Medical and Veterinary Science.
300 ## - PHYSICAL DESCRIPTION
Extent 39 volumes
Dimensions 25 cm
310 ## - CURRENT PUBLICATION FREQUENCY
Current publication frequency Annual
336 ## - CONTENT TYPE
Content type term text
Content type code txt
Source rdacontent
337 ## - MEDIA TYPE
Media type term unmediated
Media type code n
Source rdamedia
338 ## - CARRIER TYPE
Carrier type term volume
Carrier type code nc
Source rdacarrier
362 0# - DATES OF PUBLICATION AND/OR SEQUENTIAL DESIGNATION
Dates of publication and/or sequential designation 1st-39th; 1938/39-1976/77.
515 ## - NUMBERING PECULIARITIES NOTE
Numbering peculiarities note Report year ends June 30.
590 ## - LOCAL NOTE (RLIN)
Local note SERBIB/SERLOC merged record
650 #0 - SUBJECT ADDED ENTRY--TOPICAL TERM
Topical term or geographic name entry element Medicine
Form subdivision Periodicals.
650 #0 - SUBJECT ADDED ENTRY--TOPICAL TERM
Topical term or geographic name entry element Veterinary medicine
Form subdivision Periodicals.
650 #2 - SUBJECT ADDED ENTRY--TOPICAL TERM
Topical term or geographic name entry element Medicine.
650 #2 - SUBJECT ADDED ENTRY--TOPICAL TERM
Topical term or geographic name entry element Veterinary Medicine.
650 #7 - SUBJECT ADDED ENTRY--TOPICAL TERM
Topical term or geographic name entry element Medicine.
Source of heading or term fast
Authority record control number or standard number (OCoLC)fst01014893
650 #7 - SUBJECT ADDED ENTRY--TOPICAL TERM
Topical term or geographic name entry element Veterinary medicine.
Source of heading or term fast
Authority record control number or standard number (OCoLC)fst01165977
655 #7 - INDEX TERM--GENRE/FORM
Genre/form data or focus term Periodicals.
Source of term fast
Authority record control number or standard number (OCoLC)fst01411641
776 08 - ADDITIONAL PHYSICAL FORM ENTRY
Relationship information Online version:
Main entry heading Institute of Medical and Veterinary Science (S.A.). Council.
Title Annual report of the Council - Institute of Medical and Veterinary Science
Record control number (OCoLC)982380135
785 00 - SUCCEEDING ENTRY
Main entry heading Institute of Medical and Veterinary Science (S.A.). Council.
Title Annual report
International Standard Serial Number 0159-2254
Record control number (OCoLC)10648729
-- (OCoLC)10648729
890 ## -
-- Adelaide. Institute of Medical and Veterinary Science. Report.
-- 49-36392/R81
906 ## - LOCAL DATA ELEMENT F, LDF (RLIN)
a 7
b cbc
c serials
d 3
e ncip
f 19
g n-oclcserc
920 ## -
-- Keep 1
991 ## -
-- c-GenColl
-- R108
-- .A18
-- SERIALS
992 ## -
-- B/L
-- SERLOC
Holdings
Withdrawn status Lost status Damaged status Not for loan Home library Current library Shelving location Date acquired Total checkouts Full call number Barcode Date last seen Price effective from Koha item type
        Riverside Riverside General stacks 22/03/2026   610/.99423 LOC-RPL-00009 22/03/2026 22/03/2026 Books